| 000 | 00000nam 2200000zi 4500 |
| 001 | 9.893999 |
| 003 | CaOODSP |
| 005 | 20230601075703 |
| 006 | m o d f |
| 007 | cr |n||||||||| |
| 008 | 201125e199603##onc|||| ob f00| 0|eng d |
| 040 | |aCaOODSP|beng|erda|cCaOODSP |
| 043 | |an-cn--- |
| 086 | 1 |aIu64-223/1996E-PDF |
| 100 | 1 |aColl, David C. |q(David Clarence), |d1933- |eauthor. |
| 245 | 10|aFinal report of a study into the likely radio spectrum environment in the year 2000 and beyond / |cwork carried out by: Dr. David Coll, Ken Hancock, Dr. Chris Haslam, Barrie C. Kirk, Alexandra Moore, Dr. Asrar Sheikh. |
| 264 | 1|a[Ottawa] : |bIndustry Canada, |cMarch 1996. |
| 300 | |a1 online resource (ix, 82 pages) |
| 336 | |atext|btxt|2rdacontent |
| 337 | |acomputer|bc|2rdamedia |
| 338 | |aonline resource|bcr|2rdacarrier |
| 500 | |aDigitized edition from print [produced by Innovation, Science and Economic Development Canada]. |
| 500 | |a"Under Standing Offer 67DDS-4-6983/03-ST." |
| 500 | |a"Contract Number: 67SPN-5-2063." |
| 500 | |a"Report #005/96." |
| 504 | |aIncludes bibliographical references (pages 72-76). |
| 650 | 0|aRadio frequency allocation|zCanada. |
| 650 | 0|aTelecommunication systems|zCanada. |
| 650 | 6|aRadiofréquences|xAttribution|zCanada. |
| 650 | 6|aSystèmes de télécommunications|zCanada. |
| 710 | 1 |aCanada. |bIndustry Canada, |eissuing body. |
| 710 | 2 |aLapp-Hancock Associates Limited, |econsultant. |
| 856 | 40|qPDF|s2.04 MB|uhttps://publications.gc.ca/collections/collection_2023/isde-ised/iu64/Iu64-223-1996-eng.pdf |